000 00538nam a2200181 a 4500
001 000011141
005 20240412074223.0
008 091014s1980 dr a 001 p spa d
040 _aDO-SdBNP
_bspa
_cBNPHU
082 _aRD861.44
_bQ64d
100 1 _aQuidello de Bosch, Carmen
_926653
245 1 0 _a... desde mi orilla /
_cCarmen Quidello de Bosch.
260 _aSanto Domingo :
_bAlfa y Omega,
_c1980.
300 _a141 p. :
_bil. ;
_c20 cm.
650 0 _aPoesía dominicana
_966
650 0 _aLiteratura dominicana.
_967
049 _aBNPD
999 _c10866
_d10866